| 000 | 00651cam a2200145 4500500 | ||
|---|---|---|---|
| 005 | 20260208010541.0 | ||
| 041 | _afre | ||
| 042 | _adc | ||
| 100 | 1 | 0 |
_aAdam, Michel _eauthor |
| 245 | 0 | 0 | _aJean-Michel Bonet, L’if ou l’olivier. Sagesse et perdition d’après le Conte du Graal de Chrétien de Troyes, Paris, L’Harmattan, 2003, coll. « Ouverture philosophique », 444 p., 34 E. |
| 260 | _c2005. | ||
| 500 | _a40 | ||
| 786 | 0 | _nRevue philosophique de la France et de l'étranger | 130 | 1 | 2005-03-01 | p. 77zt-130zt | 0035-3833 | |
| 856 | 4 | 1 | _uhttps://shs.cairn.info/revue-philosophique-2005-1-page-77zt?lang=fr&redirect-ssocas=7080 |
| 999 |
_c1657085 _d1657085 |
||